Chile 1970-1973. Mil días que estremecieron al mundo. Poder popular, cordones industriales y socialismo durante el gobierno de Salvador Allende

Guardat en:
Dades bibliogràfiques
Autor principal: Gaudichaud, Franck (Autor)
Format: Llibre
Idioma:espanyol
Publicat: Santiago, Chile LOM Ediciones 2016
Edició:Primera edición
Col·lecció:Colección Historia
Matèries:
Etiquetes: Afegir etiqueta
Sense etiquetes, Sigues el primer a etiquetar aquest registre!

MARC

LEADER 00000cam a2200000 a 4500
001 UCC7903
003 CL-VaPUC
005 20211009074544.0
008 190520e20160000cl |||||||||||||||||spa|d
999 |c 374416  |d 374414 
020 |a 9789560008244 
040 |c Pontificia Universidad Católica de Valparaíso 
082 0 4 |a 320.983 GAU 2016  |2 21 
100 |a Gaudichaud, Franck  |e author  |9 602640 
245 1 0 |a Chile 1970-1973.  |b  Mil días que estremecieron al mundo. Poder popular, cordones industriales y socialismo durante el gobierno de Salvador Allende 
250 |a Primera edición 
260 |a Santiago, Chile  |b LOM Ediciones  |c 2016 
300 |a 467 páginas 
440 |a Colección Historia  |9 856680 
583 |a last modification  |c 20190520 16:29:00  |k Rodrigo Vera 
650 0 |a Historia de Chile siglo 20  |y SIGLO 20  |9 268145 
650 0 |a Historia política  |y 1970-1973  |z CHILE  |9 256974 
650 0 |a Política y gobierno  |y 1970-1973  |z CHILE  |9 255151 
852 |a BIBHIS 
942 |c BK  |2 ddc 
945 |d 20190520 16:29:00  |a dcastane 
952 |0 0  |1 0  |2 ddc  |3 erb  |4 0  |6 320_983000000000000_GAU_2016  |7 0  |8 A  |9 492940  |a BIBHIS  |b BIBHIS  |d 2019-05-08  |e 11  |g 18600.00  |i 5549248  |l 3  |o 320.983 GAU 2016  |p 5549248  |r 2025-01-20  |s 2024-06-26  |t 1  |v 18600.00  |w 2019-11-24  |y BK  |z Catalogado en:20190520  |k HIS